South east ready to try the Delft model (Record no. 66177)

MARC details
000 -LEADER
fixed length control field 00742cam a2200205 4500
001 - CONTROL NUMBER
control field WB3708-10
008 - FIXED-LENGTH DATA ELEMENTS--GENERAL INFORMATION
fixed length control field 000000n2001 000 0 eng u
035 ## - SYSTEM CONTROL NUMBER
System control number (Sirsi) u111077
245 ## - TITLE STATEMENT
Title South east ready to try the Delft model
260 ## - PUBLICATION, DISTRIBUTION, ETC.
Date of publication, distribution, etc. 2001
490 ## - SERIES STATEMENT
Series statement Housing Today
Volume/sequential designation 15 February 2001, 2(1)
520 ## - SUMMARY, ETC.
Summary, etc. A single choice-based lettings system in London and the south-east is a possibility after a £1m bid by a consortium of housing associations and councils. If successful, the region could have a single lettings list option by 2005.
590 ## - LOCAL NOTE (RLIN)
Local note WB
650 ## - SUBJECT ADDED ENTRY--TOPICAL TERM
Topical term or geographic name entry element HOUSING ASSOCIATIONS
650 ## - SUBJECT ADDED ENTRY--TOPICAL TERM
Topical term or geographic name entry element LOCAL AUTHORITIES
650 ## - SUBJECT ADDED ENTRY--TOPICAL TERM
Topical term or geographic name entry element LETTINGS SYSTEM
650 ## - SUBJECT ADDED ENTRY--TOPICAL TERM
Topical term or geographic name entry element WILLIAM SUTTON TRUST
690 ## - LOCAL SUBJECT ADDED ENTRY--TOPICAL TERM (OCLC, RLIN)
Topical term or geographic name as entry element HOUSING
942 ## - ADDED ENTRY ELEMENTS (KOHA)
Suppress in OPAC 0
Holdings
Withdrawn status Lost status Source of classification or shelving scheme Damaged status Not for loan Home library Current library Shelving location Date acquired Total Checkouts Full call number Barcode Date last seen Copy number Price effective from Koha item type
    Dewey Decimal Classification     London London News article 21/02/2001   WB3708-10 111077-1001 06/08/2019 1 06/08/2019 News article